000 00617nam a22001937a 4500
005 20251108164744.0
008 250721s1997 xx 000 0 ara d
082 1 4 _a615.89/طيب
100 1 _aالطيبي، عكاشة عبد المنان
245 1 0 _aمضار و منافع الشاي و القهوة /
264 1 _aبيروت :
_bدار إبن زيدون للطباعة و النشر و التوزيع،
_c1997.
300 _a159ص
650 1 7 _aالطب الشعبي
650 1 7 _aالنباتات الطبية
650 1 7 _aالشاي
650 1 7 _aالقهوة
942 _2ddc
_cBK
999 _c13574
_d13574